Women enterpreneurship in india / (Record no. 140387)
[ view plain ]
| 000 -LEADER | |
|---|---|
| fixed length control field | 00593nam a22001697a 4500 |
| 005 - DATE AND TIME OF LATEST TRANSACTION | |
| control field | 20230523122835.0 |
| 010 ## - LCCN (DPL NO) | |
| LC control number | ENG-118346 ENG-136985 |
| 020 ## - INTERNATIONAL STANDARD BOOK NUMBER | |
| International Standard Book Number | 9788177084252 |
| Terms of availability | 735.00 |
| 035 ## - SYSTEM CONTROL NUMBER | |
| System control number | EN-101878 |
| 035 ## - SYSTEM CONTROL NUMBER | |
| System control number | EN-120517 |
| 037 ## - SOURCE OF ACQUISITION | |
| Source of stock number/acquisition | DBAD/PUB |
| 245 ## - TITLE STATEMENT | |
| Title | Women enterpreneurship in india / |
| Statement of responsibility, etc | Edited by Jaynal Ud-din Ahmed and Khundrakpam Devnanda Singh |
| 260 ## - PUBLICATION, DISTRIBUTION, ETC. (IMPRINT) | |
| Place of publication, distribution, etc | New Delhi |
| Name of publisher, distributor, etc | New Century Publication |
| Date of publication, distribution, etc | 2016 |
| 270 ## - ADDRESS | |
| Address | 4800/24, Bharat Ram Road, Ansari Road, Daryaganj, New Delhi-110002 |
| 300 ## - PHYSICAL DESCRIPTION | |
| Extent | xv, 194p |
| Dimensions | 22cm.(Hb) |
| 942 ## - ADDED ENTRY ELEMENTS (KOHA) | |
| Source of classification or shelving scheme | Dewey Decimal Classification |
| Item type | English Books |
| Classification part | 338.040820954 |
| Call number suffix | WOM |
| Withdrawn status | Lost status | Not for loan | Collection code | Home library | Current library | Date acquired | Source of acquisition | Cost, normal purchase price | Full call number | Barcode | Copy number | Cost, replacement price | Koha item type |
|---|---|---|---|---|---|---|---|---|---|---|---|---|---|
| Non-fiction | Ashok Vihar | Ashok Vihar | 23/05/2023 | DBAD/PUB | 735.00 | 338.040820954 WOM | EN-120517 | 1 | 735.00 | English Books | |||
| Non-fiction | Narela | Narela | 24/05/2017 | DBAD/PUB | 735.00 | 338.040820954 WOM | EN-101878 | 1 | 735.00 | English Books |
